LEADER 01336nam0-2200397---450- 001 990000554720203316 005 20091014103931.0 010 $a90-411-1344-4 035 $a0055472 035 $aUSA010055472 035 $a(ALEPH)000055472USA01 035 $a0055472 100 $a20010710d2000----km-y0itay0103----ba 101 $aeng 102 $aNL 105 $a||||||||001yy 200 1 $a<> better United Nations for the New Millennium$ethe United nations system$ehow it is now and how it should be in the future$fby Kamil Idris and Michael Bartolo 210 $aThe Hague [etc.]$cKluwer law international$dcopyr. 2000 215 $aXXI, 233 p.$d24 cm 225 2 $aNijhoff law specials$v43 410 0$12001$aNijhoff law specials 606 0 $aNazioni Unite 676 $a341.23 700 1$aIDRIS,$bKamil$0256820 701 1$aBARTOLO,$bMichael$0256821 801 0$aIT$bsalbc$gISBD 912 $a990000554720203316 951 $aXXIII.2.B. 84 (IG VIII 8 645)$b29641 G.$cXXIII.2.B. 84 (IG VIII)$d00074419 959 $aBK 969 $aGIU 979 $aALESSANDRA$b40$c20010710$lUSA01$h1136 979 $c20020403$lUSA01$h1704 979 $aPATRY$b90$c20040406$lUSA01$h1639 979 $aRSIAV2$b90$c20091014$lUSA01$h1039 996 $aBetter United Nations for the New Millennium$9700640 997 $aUNISA LEADER 01493nam 2200469 450 001 9910666354303321 005 20200520144314.0 010 $a1-61277-478-4 035 $a(CKB)3710000001152260 035 $a(OCoLC)849669800 035 $a(MiAaPQ)EBC4403355 035 $a(Au-PeEL)EBL4403355 035 $a(CaPaEBR)ebr11371747 035 $a(OCoLC)983740399 035 $a(EXLCZ)993710000001152260 100 $a20170424h20112011 uy 0 101 0 $aeng 135 $aurcnu|||||||| 181 $2rdacontent 182 $2rdamedia 183 $2rdacarrier 200 10$aAnuta $ePolynesian lifeways for the 21st century /$fRichard Feinberg 205 $aSecond edition. 210 1$aKent, Ohio :$cThe Kent State University Press,$d2011. 210 4$d2011 215 $a1 online resource (209 pages) $cillustrations, tables 320 $aIncludes bibliographical references. 517 3 $aAnuta :$ePolynesian lifeways for the twenty-first century 606 $aEthnology$zSolomon Islands$zAnuta Island 606 $aPolynesians$zSolomon Islands$zAnuta Island$xSocial life and customs 607 $aAnuta Island (Solomon Islands)$xSocial life and customs 615 0$aEthnology 615 0$aPolynesians$xSocial life and customs. 676 $a306.099593 700 $aFeinberg$b Richard$0118386 801 0$bMiAaPQ 801 1$bMiAaPQ 801 2$bMiAaPQ 906 $aBOOK 912 $a9910666354303321 996 $aAnuta$92681536 997 $aUNINA LEADER 02651nam 2200625 450 001 9910780127403321 005 20230125224639.0 010 $a1-58053-673-5 035 $a(CKB)111086906325804 035 $a(EBL)227648 035 $a(OCoLC)123112446 035 $a(SSID)ssj0000465440 035 $a(PQKBManifestationID)11973143 035 $a(PQKBTitleCode)TC0000465440 035 $a(PQKBWorkID)10439787 035 $a(PQKB)11710763 035 $a(Au-PeEL)EBL227648 035 $a(CaPaEBR)ebr10082026 035 $a(CaBNVSL)mat09100084 035 $a(IEEE)9100084 035 $a(MiAaPQ)EBC227648 035 $a(EXLCZ)99111086906325804 100 $a20200729d2003 uy 101 0 $aeng 135 $aur|n|---||||| 181 $ctxt 182 $cc 183 $acr 200 00$aDeploying and managing IP over WDM networks /$fJoan Serrat, Alex Galis, editors 210 1$aBoston :$cArtech House,$dİ2003. 210 2$a[Piscataqay, New Jersey] :$cIEEE Xplore,$d[2003] 215 $a1 online resource (312 p.) 225 1 $aArtech House telecommunications library 300 $aPresents the results of the IST-WINMAN Project. 311 $a1-58053-501-1 320 $aIncludes bibliographical references and index. 327 $aThe Importance of IP and WDM Networks -- Historical Perspective -- Current Trends -- Deployment of IP Over WDM -- The Context of the WINMAN Project -- The WINMAN Consortium -- Network and Service Evolution Scenarios -- Requirements of IP-Based Services -- VPNs -- Application-Oriented Services: VoIP and MoIP -- 330 8 $aAnnotation Although IP and WDM technologies are expected to become the dominant network technologies, they will be introduced gradually complementing and replacing current ATM and SDH network solutions. This book represents a comprehensive review and research results for the deployment and management of IP over WDM Networks with guaranteed service level agreements. 410 0$aArtech House telecommunications library. 606 $aWavelength division multiplexing 606 $aWireless communication systems$xManagement 606 $aTCP/IP (Computer network protocol) 615 0$aWavelength division multiplexing. 615 0$aWireless communication systems$xManagement. 615 0$aTCP/IP (Computer network protocol) 676 $a004.62 701 $aSerrat$b Joan$01473300 701 $aGalis$b Alex$0802098 801 0$bCaBNVSL 801 1$bCaBNVSL 801 2$bCaBNVSL 906 $aBOOK 912 $a9910780127403321 996 $aDeploying and managing IP over WDM networks$93686412 997 $aUNINA